<?xml version="1.0" encoding="UTF-8"?><marc:collection xmlns:marc="http://www.loc.gov/MARC21/slim">
  <marc:record>
    <marc:leader>02605cam a2200601 c 4500</marc:leader>
    <marc:controlfield tag="001">014973782</marc:controlfield>
    <marc:controlfield tag="003">DE-627</marc:controlfield>
    <marc:controlfield tag="005">20240328183933.0</marc:controlfield>
    <marc:controlfield tag="007">tu</marc:controlfield>
    <marc:controlfield tag="008">710101s1982    gw |||||      00| ||ger c</marc:controlfield>
    <marc:datafield tag="015" ind1=" " ind2=" ">
      <marc:subfield code="a">82,A48,0775</marc:subfield>
      <marc:subfield code="2">dnb</marc:subfield>
    </marc:datafield>
    <marc:datafield tag="016" ind1="7" ind2=" ">
      <marc:subfield code="a">821201107</marc:subfield>
      <marc:subfield code="2">DE-101</marc:subfield>
    </marc:datafield>
    <marc:datafield tag="020" ind1=" " ind2=" ">
      <marc:subfield code="a">3518016768</marc:subfield>
      <marc:subfield code="9">3-518-01676-8</marc:subfield>
    </marc:datafield>
    <marc:datafield tag="035" ind1=" " ind2=" ">
      <marc:subfield code="a">(DE-627)014973782</marc:subfield>
    </marc:datafield>
    <marc:datafield tag="035" ind1=" " ind2=" ">
      <marc:subfield code="a">(DE-576)020568258</marc:subfield>
    </marc:datafield>
    <marc:datafield tag="035" ind1=" " ind2=" ">
      <marc:subfield code="a">(DE-599)GBV014973782</marc:subfield>
    </marc:datafield>
    <marc:datafield tag="035" ind1=" " ind2=" ">
      <marc:subfield code="a">(OCoLC)9948944</marc:subfield>
    </marc:datafield>
    <marc:datafield tag="035" ind1=" " ind2=" ">
      <marc:subfield code="a">(OCoLC)263640986</marc:subfield>
    </marc:datafield>
    <marc:datafield tag="035" ind1=" " ind2=" ">
      <marc:subfield code="a">(JUB)b10539001</marc:subfield>
    </marc:datafield>
    <marc:datafield tag="040" ind1=" " ind2=" ">
      <marc:subfield code="a">DE-627</marc:subfield>
      <marc:subfield code="b">ger</marc:subfield>
      <marc:subfield code="c">DE-627</marc:subfield>
      <marc:subfield code="e">rakwb</marc:subfield>
    </marc:datafield>
    <marc:datafield tag="041" ind1=" " ind2=" ">
      <marc:subfield code="a">ger</marc:subfield>
      <marc:subfield code="h">rum</marc:subfield>
    </marc:datafield>
    <marc:datafield tag="044" ind1=" " ind2=" ">
      <marc:subfield code="c">XA-DE-HE</marc:subfield>
    </marc:datafield>
    <marc:datafield tag="084" ind1=" " ind2=" ">
      <marc:subfield code="a">59</marc:subfield>
      <marc:subfield code="2">sdnb</marc:subfield>
    </marc:datafield>
    <marc:datafield tag="084" ind1=" " ind2=" ">
      <marc:subfield code="a">IX 6070</marc:subfield>
      <marc:subfield code="2">rvk</marc:subfield>
      <marc:subfield code="0">(DE-625)rvk/71236:</marc:subfield>
    </marc:datafield>
    <marc:datafield tag="100" ind1="1" ind2=" ">
      <marc:subfield code="a">Eliade, Mircea</marc:subfield>
      <marc:subfield code="d">1907-1986</marc:subfield>
      <marc:subfield code="e">Verf.</marc:subfield>
      <marc:subfield code="0">(DE-588)118529803</marc:subfield>
      <marc:subfield code="0">(DE-627)224521608</marc:subfield>
      <marc:subfield code="0">(DE-576)160851017</marc:subfield>
      <marc:subfield code="4">aut</marc:subfield>
    </marc:datafield>
    <marc:datafield tag="240" ind1="1" ind2="0">
      <marc:subfield code="a">Nouăsprezece trandafiri &lt;dt.&gt;</marc:subfield>
    </marc:datafield>
    <marc:datafield tag="245" ind1="1" ind2="0">
      <marc:subfield code="a">Neunzehn Rosen</marc:subfield>
      <marc:subfield code="b">Roman</marc:subfield>
      <marc:subfield code="c">Mircea Eliade. Aus dem Rumän. von Edith Silbermann</marc:subfield>
    </marc:datafield>
    <marc:datafield tag="250" ind1=" " ind2=" ">
      <marc:subfield code="a">1. Aufl.</marc:subfield>
    </marc:datafield>
    <marc:datafield tag="264" ind1=" " ind2="1">
      <marc:subfield code="a">Frankfurt am Main</marc:subfield>
      <marc:subfield code="b">Suhrkamp</marc:subfield>
      <marc:subfield code="c">1982</marc:subfield>
    </marc:datafield>
    <marc:datafield tag="300" ind1=" " ind2=" ">
      <marc:subfield code="a">180 S.</marc:subfield>
      <marc:subfield code="c">18,5 cm</marc:subfield>
    </marc:datafield>
    <marc:datafield tag="336" ind1=" " ind2=" ">
      <marc:subfield code="a">Text</marc:subfield>
      <marc:subfield code="b">txt</marc:subfield>
      <marc:subfield code="2">rdacontent</marc:subfield>
    </marc:datafield>
    <marc:datafield tag="337" ind1=" " ind2=" ">
      <marc:subfield code="a">ohne Hilfsmittel zu benutzen</marc:subfield>
      <marc:subfield code="b">n</marc:subfield>
      <marc:subfield code="2">rdamedia</marc:subfield>
    </marc:datafield>
    <marc:datafield tag="338" ind1=" " ind2=" ">
      <marc:subfield code="a">Band</marc:subfield>
      <marc:subfield code="b">nc</marc:subfield>
      <marc:subfield code="2">rdacarrier</marc:subfield>
    </marc:datafield>
    <marc:datafield tag="490" ind1="0" ind2=" ">
      <marc:subfield code="a">Bibliothek Suhrkamp</marc:subfield>
      <marc:subfield code="v">Bd. 676</marc:subfield>
    </marc:datafield>
    <marc:datafield tag="583" ind1="1" ind2=" ">
      <marc:subfield code="a">Archivierung prüfen</marc:subfield>
      <marc:subfield code="c">20240324</marc:subfield>
      <marc:subfield code="f">DE-4165</marc:subfield>
      <marc:subfield code="z">1</marc:subfield>
      <marc:subfield code="2">pdager</marc:subfield>
    </marc:datafield>
    <marc:datafield tag="700" ind1="1" ind2=" ">
      <marc:subfield code="a">Silbermann, Edith</marc:subfield>
      <marc:subfield code="d">1921-2008</marc:subfield>
      <marc:subfield code="e">Übers.</marc:subfield>
      <marc:subfield code="0">(DE-588)113123302</marc:subfield>
      <marc:subfield code="0">(DE-627)606136673</marc:subfield>
      <marc:subfield code="0">(DE-576)309306876</marc:subfield>
      <marc:subfield code="4">trl</marc:subfield>
    </marc:datafield>
    <marc:datafield tag="700" ind1="1" ind2="2">
      <marc:subfield code="a">Eliade, Mircea</marc:subfield>
      <marc:subfield code="d">1907-1986</marc:subfield>
      <marc:subfield code="t">Nouăsprezece trandafiri &lt;dt.&gt;</marc:subfield>
    </marc:datafield>
    <marc:datafield tag="924" ind1="0" ind2=" ">
      <marc:subfield code="a">082769524</marc:subfield>
      <marc:subfield code="b">DE-18</marc:subfield>
      <marc:subfield code="9">18</marc:subfield>
      <marc:subfield code="c">GBV</marc:subfield>
      <marc:subfield code="d">c</marc:subfield>
      <marc:subfield code="g">A 1983/4253</marc:subfield>
      <marc:subfield code="h">SUB</marc:subfield>
    </marc:datafield>
    <marc:datafield tag="924" ind1="0" ind2=" ">
      <marc:subfield code="a">33923640X</marc:subfield>
      <marc:subfield code="b">DE-8</marc:subfield>
      <marc:subfield code="9">8</marc:subfield>
      <marc:subfield code="c">GBV</marc:subfield>
      <marc:subfield code="d">c</marc:subfield>
      <marc:subfield code="g">Aj 5845</marc:subfield>
      <marc:subfield code="h">16</marc:subfield>
    </marc:datafield>
    <marc:datafield tag="924" ind1="0" ind2=" ">
      <marc:subfield code="a">015800350</marc:subfield>
      <marc:subfield code="b">DE-23</marc:subfield>
      <marc:subfield code="9">23</marc:subfield>
      <marc:subfield code="c">GBV</marc:subfield>
      <marc:subfield code="d">c</marc:subfield>
      <marc:subfield code="g">F8° 1583:676</marc:subfield>
    </marc:datafield>
    <marc:datafield tag="924" ind1="0" ind2=" ">
      <marc:subfield code="a">269725490</marc:subfield>
      <marc:subfield code="b">DE-28</marc:subfield>
      <marc:subfield code="9">28</marc:subfield>
      <marc:subfield code="c">GBV</marc:subfield>
      <marc:subfield code="d">c</marc:subfield>
      <marc:subfield code="g">IX 6070 N93.982</marc:subfield>
      <marc:subfield code="g">97 A 2177</marc:subfield>
      <marc:subfield code="h">28/BB2-SLW</marc:subfield>
    </marc:datafield>
    <marc:datafield tag="924" ind1="0" ind2=" ">
      <marc:subfield code="a">104501960</marc:subfield>
      <marc:subfield code="b">DE-3</marc:subfield>
      <marc:subfield code="9">3</marc:subfield>
      <marc:subfield code="c">GBV</marc:subfield>
      <marc:subfield code="d">c</marc:subfield>
      <marc:subfield code="g">R Rum.6 Eli</marc:subfield>
      <marc:subfield code="h">Ha 18-20</marc:subfield>
    </marc:datafield>
    <marc:datafield tag="924" ind1="0" ind2=" ">
      <marc:subfield code="a">1806474980</marc:subfield>
      <marc:subfield code="b">DE-579</marc:subfield>
      <marc:subfield code="9">579</marc:subfield>
      <marc:subfield code="c">GBV</marc:subfield>
      <marc:subfield code="d">c</marc:subfield>
      <marc:subfield code="g">PC839.E38 N68 1982</marc:subfield>
    </marc:datafield>
    <marc:datafield tag="924" ind1="0" ind2=" ">
      <marc:subfield code="a">3338891938</marc:subfield>
      <marc:subfield code="b">DE-25</marc:subfield>
      <marc:subfield code="9">25</marc:subfield>
      <marc:subfield code="c">BSZ</marc:subfield>
      <marc:subfield code="d">c</marc:subfield>
      <marc:subfield code="g">FZ 30 EL 1/7</marc:subfield>
    </marc:datafield>
    <marc:datafield tag="924" ind1="0" ind2=" ">
      <marc:subfield code="a">3338891970</marc:subfield>
      <marc:subfield code="b">DE-24</marc:subfield>
      <marc:subfield code="9">24</marc:subfield>
      <marc:subfield code="c">BSZ</marc:subfield>
      <marc:subfield code="d">c</marc:subfield>
      <marc:subfield code="g">32/8848</marc:subfield>
    </marc:datafield>
    <marc:datafield tag="924" ind1="0" ind2=" ">
      <marc:subfield code="a">3338892004</marc:subfield>
      <marc:subfield code="b">DE-122</marc:subfield>
      <marc:subfield code="9">122</marc:subfield>
      <marc:subfield code="c">BSZ</marc:subfield>
      <marc:subfield code="d">c</marc:subfield>
      <marc:subfield code="g">Elia</marc:subfield>
    </marc:datafield>
    <marc:datafield tag="924" ind1="0" ind2=" ">
      <marc:subfield code="a">3338892039</marc:subfield>
      <marc:subfield code="b">DE-212</marc:subfield>
      <marc:subfield code="9">212</marc:subfield>
      <marc:subfield code="c">BSZ</marc:subfield>
      <marc:subfield code="d">c</marc:subfield>
      <marc:subfield code="g">4/1786</marc:subfield>
    </marc:datafield>
    <marc:datafield tag="924" ind1="0" ind2=" ">
      <marc:subfield code="a">3338892055</marc:subfield>
      <marc:subfield code="b">DE-Mar1</marc:subfield>
      <marc:subfield code="9">Mar 1</marc:subfield>
      <marc:subfield code="c">BSZ</marc:subfield>
      <marc:subfield code="d">b</marc:subfield>
      <marc:subfield code="g">QS3 (Nouasprezece trandafiri, dt.)</marc:subfield>
    </marc:datafield>
    <marc:datafield tag="924" ind1="0" ind2=" ">
      <marc:subfield code="a">3338892071</marc:subfield>
      <marc:subfield code="b">DE-Gun1</marc:subfield>
      <marc:subfield code="9">Gun 1</marc:subfield>
      <marc:subfield code="c">BSZ</marc:subfield>
      <marc:subfield code="d">c</marc:subfield>
      <marc:subfield code="g">R I-e/74</marc:subfield>
    </marc:datafield>
    <marc:datafield tag="924" ind1="0" ind2=" ">
      <marc:subfield code="a">3338891903</marc:subfield>
      <marc:subfield code="b">DE-4126</marc:subfield>
      <marc:subfield code="9">4126</marc:subfield>
      <marc:subfield code="c">BSZ</marc:subfield>
      <marc:subfield code="d">b</marc:subfield>
      <marc:subfield code="g">RO Eliade, Mi 69175</marc:subfield>
    </marc:datafield>
    <marc:datafield tag="935" ind1=" " ind2=" ">
      <marc:subfield code="i">Blocktest</marc:subfield>
    </marc:datafield>
    <marc:datafield tag="936" ind1="r" ind2="v">
      <marc:subfield code="a">IX 6070</marc:subfield>
      <marc:subfield code="b">Eliade, Mircea</marc:subfield>
      <marc:subfield code="k">Romanistik</marc:subfield>
      <marc:subfield code="k">Rumänische Sprache und Literatur</marc:subfield>
      <marc:subfield code="k">Rumänische Literatur im 19. und 20. Jahrhundert</marc:subfield>
      <marc:subfield code="k">Literaturgeschichte</marc:subfield>
      <marc:subfield code="k">Einzelne Autoren und ausgewählte Anonyma</marc:subfield>
      <marc:subfield code="k">Autoren E</marc:subfield>
      <marc:subfield code="k">Eliade, Mircea</marc:subfield>
      <marc:subfield code="0">(DE-627)1270991566</marc:subfield>
      <marc:subfield code="0">(DE-625)rvk/71236:</marc:subfield>
      <marc:subfield code="0">(DE-576)200991566</marc:subfield>
    </marc:datafield>
    <marc:datafield tag="951" ind1=" " ind2=" ">
      <marc:subfield code="a">BO</marc:subfield>
    </marc:datafield>
  </marc:record>
</marc:collection>
